书目信息 |
| 题名: |
中国当代文学作品选讲
|
|
| 作者: | 邱岚 主编 | |
| 分册: | ||
| 出版信息: | 北京 高等教育出版社 1988.11 |
|
| 页数: | 405页 | |
| 开本: | 20cm | |
| 丛书名: | ||
| 单 册: | ||
| 中图分类: | H194.3 | |
| 科图分类: | ||
| 主题词: | 汉语--语言教学 | |
| 电子资源: | ||
| ISBN: | 7-04-000971-4 | |
| 000 | 00615nam0 2200205 45 | |
| 001 | 0204071458 | |
| 005 | 20040426111418.6 | |
| 010 | @a7-04-000971-4@dCNY3.50 | |
| 100 | @a20020407d1988 km y0chiy0120 ea | |
| 101 | 0 | @achi |
| 105 | @a z 000yy | |
| 200 | 1 | @a中国当代文学作品选讲@AZhong Guo Dang Dai Wen Xue Zuo Pin Xuan Jiang@f邱岚主编@FQiu Lan Zhu Bian |
| 210 | @a北京@c高等教育出版社@d1988.11 | |
| 215 | @a405页@d20cm | |
| 300 | @a高等教育自学考试汉语言文学专业用书 | |
| 606 | 0 | @a汉语@x语言教学 |
| 690 | @aH194.3@v3 | |
| 701 | 0 | @a邱岚@4主编 |
| 801 | @aCN@bTSTC@c20030620 | |
| 905 | @dH194.3@e125@f1@b218464 | |
| 中国当代文学作品选讲/邱岚主编.-北京:高等教育出版社,1988.11 |
| 405页;20cm |
| 高等教育自学考试汉语言文学专业用书 |
| ISBN 7-04-000971-4:CNY3.50 |
| ● |
| 相关链接 |
|
|
|
|
正题名:中国当代文学作品选讲
索取号:H194.3/125
 
预约/预借
| 序号 | 登录号 | 条形码 | 馆藏地/架位号 | 状态 | 备注 |
| 1 | 0218464 | 000841851 | 第二样本阅览室/ [索取号:H194.3/125] | 在馆 | |
| 2 | 0218465 | 001775421 | 密集书库/ [索取号:H194.3/125] | 在馆 | |
| 3 | 0218466 | 001797274 | 第四借阅区/ [索取号:H194.3/125] | 在馆 |